[Event "Gleisdorfer Jugendschach"]
[Site "Gleisdorf"]
[Date "2009.09.19"]
[Round "5.6"]
[White "Thaler, Michael"]
[Black "Schenk, Michelle"]
[Result "0-1"]
[WhiteElo "2251"]
[BlackElo "1200"]
[PlyCount "48"]
[EventDate "2009.09.18"]
[EventType "swiss"]
[EventRounds "5"]
[EventCountry "AUT"]
[SourceTitle "EXT 2024"]
[Source "ChessBase"]
[SourceDate "2023.10.10"]
[SourceVersion "1"]
[SourceVersionDate "2023.10.10"]
[SourceQuality "1"]

1. e4 d6 2. Bc4 g6 3. Qf3 Nf6 4. Qd1 Bg4 5. f3 Be6 6. Nh3 Bxc4 7. d3 Be6 8. 0-0 Nc6 9. Nc3 a5 10. Nf4 Bd7 11. Nh3 Ra6 12. Kh1 Nh5 13. g3 Bg7 14. g4 Nf6 15. f4 Bxg4 16. Nf2 Bxd1 17. Rxd1 Qa8 18. a3 Qa7 19. Nh3 Ng4 20. Re1 Qd4 21. Be3 Nxe3 22. Nb5 Qxb2 23. Rab1 Qxc2 24. Rbc1 Qg2# 0-1